000 00700nam a2200193 i 4500
001 bg
245 0 0 _aEksploatacja pojazdów samochodowych.
260 _aSzczecin :
_bWydaw. Uczelniane PS,
_c1990.
300 _a92 s. :
_brys., wykr ;
_c24 cm.
490 1 _aPrace Naukowe Politechniki Szczecińskiej. Zakład Techniki i Eksploatacji Samochodów,
_x0208-8088 ;
_vnr 15
500 _aNumeracja ser. gł. : nr 416.
650 9 _aSamochody
_xeksploatacja
830 0 _aPrace Naukowe Politechniki Szczecińskiej.
_pZakład Techniki i Eksploatacji Samochodów ;
_vnr 15
040 _cBPK
041 0 _apl
_benderu
080 _a629.113:621.43
942 _cKS
008 s pl f |000 0 pol
999 _c29419
_d29419
856 _uhttp://koha.tu.koszalin.pl/cgi-bin/koha/opac-detail.pl?biblionumber=29419
_yKatalog online BPK